Introduction to matrix analysis /

Guardado en:
Autor Principal: Bellman, Richard
Formato: Libro
Publicado: Nueva York : Mcgraw-hill, 1960
Materias:
Etiquetas: Agregar Etiqueta
Sin Etiquetas, Sea el primero en etiquetar este registro!
LEADER 00566nam a22002055a 4500
001 CEM.cems000936
005 20060213000000.0
008 130507s1960##################000#0#####d
003 CEMS
082 0 4 |a 512.83 
100 1 |a Bellman, Richard 
245 1 0 |a Introduction to matrix analysis / 
260 |a Nueva York :  |b Mcgraw-hill,  |c 1960 
300 |a 328 p. 
653 |a Algebra 
653 |a Ecuaciones diferenciales 
653 |a Matematica 
653 |a Matrices 
653 |a Teorema de cayley-hamilton 
859 |a CEMS  |b BIB. CEMS - 11 de abril  |h 512.83  |i B417  |p 12048.83  |t Ej.1